El imperio de la arbitrariedad como norma fundamental de gobierno: réplica al informe emitido por la Comisión Internacional de Juristas
Uloženo v:
| Hlavní autor: | |
|---|---|
| Médium: | Kniha |
| Jazyk: | španělština |
| Vydáno: |
Ciudad de México
Botas
1964
|
| Témata: | |
| Tagy: |
Přidat tag
Žádné tagy, Buďte první, kdo vytvoří štítek k tomuto záznamu!
|
MARC
| LEADER | 00000nam a2200000 a 4500 | ||
|---|---|---|---|
| 001 | UCT7155 | ||
| 003 | CL-VaPUC | ||
| 008 | 970116e19640000MX |||||||||||||||||spa|d | ||
| 082 | 0 | 4 | |a 323.44 |b TOR |2 21 |
| 100 | 0 | |a Torre y de la Rosa, Carlos de la |e author |9 377928 | |
| 245 | 1 | 3 | |a El imperio de la arbitrariedad como norma fundamental de gobierno: réplica al informe emitido por la Comisión Internacional de Juristas |
| 300 | |a 91 p | ||
| 942 | |c BK | ||
| 945 | |d 19970116 00:00:00 |a paguirre | ||
| 260 | |a Ciudad de México |b Botas |c 1964 | ||
| 600 | 0 | 7 | |a CASTRO RUZ, FIDEL |2 CL-VaPUC |9 332589 |
| 650 | 0 | |a Derechos civiles y políticos |9 338684 | |
| 650 | 0 | |a Derecho a la privacidad |9 262371 | |
| 650 | 0 | |a Ordenamiento jurídico |9 355371 | |
| 650 | 0 | |a Poder judicial |9 254871 | |
| 650 | 7 | |a SISTEMAS POLITICOS |2 CL-VaPUC |9 377929 | |
| 650 | 0 | |a Comunismo |9 255588 | |
| 650 | 7 | |a DERECHO A LA LIBERTAD DE EXPRESION |2 CL-VaPUC |9 345571 | |
| 651 | 7 | |a CUBA |2 CL-VaPUC |9 255263 | |
| 583 | |a last modification |c 20161103 12:58:02 |k Rodrigo Vera | ||
| 999 | |c 255815 |d 255813 | ||
| 952 | |0 0 |1 0 |4 0 |6 323_440000000000000_TOR_1964 |7 0 |8 A |9 278245 |a BIBDER |b BIBDER |d 2019-11-19 |i 1806866 |o 323.44 TOR 1964 |p 1806866 |r 2023-01-25 |w 2019-11-19 |y BK |k DER | ||
| 952 | |0 0 |1 0 |4 0 |6 323_440000000000000_TOR_1964 |7 0 |8 A |9 278246 |a BIBDER |b BIBDER |d 2019-11-19 |i 1806874 |o 323.44 TOR 1964 |p 1806874 |r 2019-11-19 |w 2019-11-19 |y BK |k DER | ||